प्रयोजनमूलक हिंदी : (Record no. 111988)

MARC details
000 -LEADER
fixed length control field 01296nam a22002657a 4500
005 - DATE AND TIME OF LATEST TRANSACTION
control field 20170124102932.0
010 ## - LIBRARY OF CONGRESS CONTROL NUMBER
LC control number A-927165
020 ## - INTERNATIONAL STANDARD BOOK NUMBER
Terms of availability 200.00
International Standard Book Number 8171193382
035 ## - SYSTEM CONTROL NUMBER
System control number A-927165
037 ## - SOURCE OF ACQUISITION
Source of stock number/acquisition Cen Lib/Ret
040 ## - CATALOGING SOURCE
Original cataloging agency DPL
Language of cataloging HN
082 ## - DEWEY DECIMAL CLASSIFICATION NUMBER
Classification number 420
Item number रामप्र
100 ## - MAIN ENTRY--PERSONAL NAME
Personal name रामप्रकाश
9 (RLIN) 45369
245 ## - TITLE STATEMENT
Title प्रयोजनमूलक हिंदी :
Statement of responsibility, etc रामप्रकाश [एवं] दिनेश गुप्त
Remainder of title संरचना एवं अनुप्रयोग /
246 ## - VARYING FORM OF TITLE
Title proper/short title Prayojanmoolak hindi : sanrachna ewam anuprayog /
Remainder of title by Ramprakash [and] Dinesh Gupta
260 ## - PUBLICATION, DISTRIBUTION, ETC. (IMPRINT)
Name of publisher, distributor, etc राधाकृष्ण प्रकाशन
Place of publication, distribution, etc नई दिल्ली
Date of publication, distribution, etc 1997
270 ## - ADDRESS
Address 2/38, अंसारी रोड, दरियागंज
City नई दिल्ली
Postal code 110002
300 ## - PHYSICAL DESCRIPTION
Extent 323पृ.
Dimensions 21सेमी (सजिल्द)
650 ## - SUBJECT ADDED ENTRY--TOPICAL TERM
Topical term or geographic name as entry element प्रयोजनमूलक हिंदी
9 (RLIN) 5395
650 ## - SUBJECT ADDED ENTRY--TOPICAL TERM
Topical term or geographic name as entry element हिंदी संरचना -- स्वरुप और स्तर
9 (RLIN) 45370
650 ## - SUBJECT ADDED ENTRY--TOPICAL TERM
Topical term or geographic name as entry element Functional Hindi
9 (RLIN) 45371
650 ## - SUBJECT ADDED ENTRY--TOPICAL TERM
Topical term or geographic name as entry element Hindi structure - the nature and level
9 (RLIN) 45372
700 ## - ADDED ENTRY--PERSONAL NAME
Personal name गुप्त, दिनेश
9 (RLIN) 45368
942 ## - ADDED ENTRY ELEMENTS (KOHA)
Source of classification or shelving scheme Dewey Decimal Classification
Koha item type Hindi Books
Classification part 420
Call number suffix रामप्र
Holdings
Withdrawn status Lost status Damaged status Not for loan Home library Current library Date acquired Source of acquisition Cost, normal purchase price Total Checkouts Full call number Barcode Date last seen Copy number Cost, replacement price Price effective from Koha item type
        Central Library Central Library 06/08/2015 Cen Lib/Ret 200.00   420 रामप्र A-927165 06/08/2015 1 200.00 06/08/2015 Hindi Books

© Delhi Public Library
Hit Counter
free hit counter